[Event "Auburn Hills op"]
[Site "Auburn Hills"]
[Date "2002.04.26"]
[Round "1"]
[White "De Frayne, Don"]
[Black "Loo, James"]
[Result "1-0"]
[WhiteElo "1731"]
[BlackElo "1630"]
[PlyCount "83"]
[EventDate "2002.04.26"]
[EventType "swiss"]
[EventRounds "5"]
[EventCountry "USA"]
[SourceTitle "EXT 2007"]
[Source "ChessBase"]
[SourceDate "2006.11.23"]
[SourceVersion "1"]
[SourceVersionDate "2006.11.23"]
[SourceQuality "1"]

1. g3 c5 2. Bg2 d5 3. c4 e6 4. cxd5 exd5 5. d4 Be6 6. Nf3 Nc6 7. Nc3 Be7 8. 0-0 h6 9. e3 Nf6 10. a3 0-0 11. Re1 Qc8 12. Ne5 Rd8 13. f3 Bh3 14. Ne2 Bxg2 15. Kxg2 Bd6 16. Nd3 c4 17. Nf2 Na5 18. Bd2 Nb3 19. Rb1 Qc6 20. Bc3 a5 21. Qc2 Re8 22. Nc1 a4 23. Na2 Re7 24. Re2 Rae8 25. Rbe1 Qb6 26. Qf5 Re6 27. Rd1 Qc6 28. Rde1 Qb6 29. Ng4 Bf8 30. Nxf6+ Rxf6 31. Qxd5 Qc7 32. Qb5 Ra8 33. Nb4 Ra5 34. Nd5 Rxb5 35. Nxc7 Rbf5 36. e4 Rg5 37. Nd5 Rd6 38. f4 Rgxd5 39. exd5 Rxd5 40. Re5 Rxe5 41. Rxe5 Bd6 42. Rb5 1-0

[Event "Detroit op"]
[Site "Detroit"]
[Date "1999.12.18"]
[Round "3"]
[White "De Frayne, Don"]
[Black "Sanborn, Richard"]
[Result "0-1"]
[WhiteElo "1427"]
[BlackElo "1734"]
[PlyCount "59"]
[EventDate "1999.12.18"]
[EventType "swiss"]
[EventRounds "6"]
[EventCountry "USA"]
[SourceTitle "EXT 2007"]
[Source "ChessBase"]
[SourceDate "2006.11.23"]
[SourceVersion "1"]
[SourceVersionDate "2006.11.23"]
[SourceQuality "1"]

1. e4 c5 2. Nf3 d6 3. Bb5+ Nc6 4. d4 cxd4 5. Nxd4 Bd7 6. Bxc6 bxc6 7. Nc3 Nf6 8. 0-0 g6 9. b3 Bg7 10. Bb2 0-0 11. f3 Qc7 12. a4 Qa5 13. Na2 Rfc8 14. Ne2 Be6 15. Nf4 c5 16. Nxe6 fxe6 17. Bc3 Qb6 18. Rb1 Rab8 19. Be1 c4+ 20. Bf2 Qc6 21. Bxa7 Rb7 22. Bf2 Nd7 23. bxc4 Rxb1 24. Qxb1 Qxc4 25. Qb3 Ne5 26. Nc1 Kf7 27. Nd3 Nxd3 28. Qxd3 Qxa4 29. Rc1 Qc4 30. Qa3 0-1